007630000a22002050004500090001300000245012300013500001300136651003700149690003500186690002900221690002800250041001400278044001300292700003700305700003600342100003800378942001300416773011100429999001700540 aSERIADAS10aNuevos registros de escarabajos coprófagos (Scarabaeidae: Scarabaeinae) para la región andina de ColombiasParte I aSeparata 4pColombialRegión andina992749 aEscarabajos coprófagos94177 aTaxonomía animal98245 aNuevos registros9947190 aEspañol aColombia1 aMedina, Claudia Alejandra9928861 aRiveros, Raúl Antonio91005231 aPulido Herrera, Luz Astrid992650 cARTICULO1 tRevista de la Academia Colombiana de Ciencias Exactas, Físicas y NaturalesmJun.h119q305-310d2007g31 c16291d16291